| 000 | 00398nam a2200157Ia 4500 | ||
|---|---|---|---|
| 008 | 230312s9999||||xx |||||||||||||| ||und|| | ||
| 020 | _a81-7008-549-7 | ||
| 082 |
_a658.80205 _bLOS-E |
||
| 100 | _aLoshin,Pete | ||
| 245 | 0 | _aElectronic Commerce | |
| 260 |
_bFirewall Media _aIndia _c2005 |
||
| 300 | _a472 | ||
| 546 | _aEng. | ||
| 650 |
_aEngineering _vOverview of E-Commerce Technology |
||
| 942 | _cBK | ||
| 999 |
_c188 _d188 |
||